Państwa członkowskie NATO w kolejności. - Statystyki

Ogólne statystyki
  • Ten quiz został rozwiązany 27 razy
  • Średni wynik to 16 z 32
Statystyki odpowiedzi
Rok Państwo % Poprawnych
1949 Belgia
83%
1949 Stany Zjednoczone
67%
2023 Finlandia
58%
1949 Francja
58%
1949 Kanada
58%
1999 Polska
58%
2024 Szwecja
58%
2009 Albania
50%
2009 Chorwacja
50%
2017 Czarnogóra
50%
1999 Czechy
50%
1949 Dania
50%
1952 Grecja
50%
1982 Hiszpania
50%
1949 Holandia
50%
1949 Islandia
50%
1949 Luksemburg
50%
2020 Macedonia Północna
50%
1949 Portugalia
50%
1952 Turcja
50%
1999 Węgry
50%
1949 Włochy
50%
2004 Bułgaria
42%
2004 Estonia
42%
2004 Litwa
42%
2004 Łotwa
42%
1949 Norwegia
42%
1955 RFN
42%
1949 Wielka Brytania
42%
2004 Słowacja
33%
2004 Słowenia
33%
2004 Rumunia
25%
Nie znaleziono quizów pasujących do podanych kryteriów
Rozkład punktacji
Procent ludzi z każdym wynikiem
Percentyl według liczby udzielonych odpowiedzi
Twoja historia wyników
Nie rozwiązałeś tego quizu